| 000 | 00702nam a2200229 a 4500 | ||
|---|---|---|---|
| 999 |
_c817 _d817 |
||
| 001 | 817 | ||
| 003 | BD-JhCC | ||
| 005 | 20171010114427.0 | ||
| 008 | 171010s2006 bg |||| |||| 00| 0 ben d | ||
| 020 | _a9844018986 | ||
| 035 | _a(BD-JhCC)817 | ||
| 040 |
_aBD-JhCC _dBD-JhCC |
||
| 041 | _aben | ||
| 082 |
_a954.9205 _bKAD 2006 |
||
| 100 | _aকাদের, হেলেন | ||
| 245 |
_aপাকিস্তানে বন্দীজজীবন ১৯৭১ / _cহেলেন কাদের |
||
| 260 |
_aঢাকাঃ _bআগামী প্রকাশনী, _c2006 |
||
| 300 |
_a87 p. : _c21 cm. |
||
| 650 |
_aLiberation war _xHistory _zBangladesh |
||
| 942 |
_2ddc _cBK |
||